000
00300nam a22001337a 4500
008
171019b xxu||||| |||| 00| 0 eng d
020
_a
9780256080049
041
_a
eng
080
_2
3RD
_a
338
100
_a
53
101
_a
MEN
245
_a
SALES FORCE MANAGEMENT
_c
CHURCHILL,G.A
942
_2
udc
_c
BK
999
_c
34968
_d
34968